College algebra and trigonometry

Bibliographic Details
Main Authors: Hackert, Adelbert F, Sellers, Gene R
Format: Section = Libro
Language:Undetermined
Spanish
Published: New York Harcourt Brace Jovanovich 1988
Subjects:
LEADER 00513nam a2200193Ia 4500
008 240829s9999 xx 000 0 und d
020 |a 0-15-507920-4 
040 |a BIBLIOTECA-RUSB/ 512.13 H119 
041 |a spa 
082 |a 512.13 H119 
100 1 |a Hackert, Adelbert F 
100 1 |b  Sellers, Gene R 
245 1 0 |a College algebra and trigonometry 
260 |a New York  |b Harcourt Brace Jovanovich  |c 1988 
300 |a 784 p. :il. 
650 7 |a ALGEBRA Y TRIGONOMETRIA 
942 |c BK  |2 ddc 
991 |a TEXTO 
999 |c 1430